Statystyki dla Ile tego jest w Warszawie?

Kliknij tutaj aby rozwiązać quiz!

Ogólne statystyki

  • Ten quiz został rozwiązany 56 razy
  • Średni wynik to 3 z 8

Statystyki odpowiedzi

HintOdpowiedź% Poprawnych
Dzielnic Zaczynających się na O1
57%
Stacji Metra z ,,Centrum" w Nazwie2
52%
Głównych Wejść do Pałacu Kultury4
50%
Planowanych Linii Metra do 2050 r.3
40%
Stacji Metra na Ursynowie5
40%
Dzielnic po Prawej Stronie Wisły7
33%
Mostów (z Kolejowymi)11
31%
Stacji na Odcinku Centralnym 2. Linii Metra bez Świętokrzyskiej6
26%

Rozkład punktacji

Percentyl według liczby udzielonych odpowiedzi

Procent ludzi z każdym wynikiem

Twoja historia wyników

Nie rozwiązałeś tego quizu